01263 a2200169 45000010006000000050017000060080041000230030015000640400040000790800038001192450062001572640085002193000019003045050739003230410008010621000023010705423820260407155813.0260407a1983 arg spa dAR-UNSa-BCEJYS aAR-UNSa-BCEJYSbspacAR-UNSa-BCEJYS a1(09)xHistoria de la Filosofía10aFundamentación filosofica de las doctrinas económicas 1aMendoza :bUniversidad Nacional de Cuyo. Facultad de Ciencias Económicasc1983 a554 p.c21 cm. a1. Filosofía y economía – 2. Hesíodo y la dignidad del trabajo – 3. El siglo de Pericles – 4. Sócrates – 5. El eoikonomikos y los poroi de Jenofonte – 6. Platón – 7. Aristóteles – 8. Los teóricos de la economía rural en Roma – 9. La original originalidad del cristianismo – 10. La edad media y el que hacer filosófico-tecnológico de la escolástica – 11. Santo Tomas y la economía teológica – 12. El renacimiento Italiano – 13. Maquiavelo, el teórico del estado moderno – 14. La reforma protestante y el espíritu del capitalismo – 15. La filosofía moderna y la preocupación por el método – 16. La influencia de la filosofía política de Hobbies en el mercantilismo.  aspa1 aLetizia, Francisco